<?xml version="1.0" encoding="UTF-8"?>
<collection xmlns="http://www.loc.gov/MARC21/slim">
 <record>
  <leader>06553cam a2200877   4500</leader>
  <controlfield tag="001">681199393</controlfield>
  <controlfield tag="003">DE-627</controlfield>
  <controlfield tag="005">20250218020246.0</controlfield>
  <controlfield tag="007">tu</controlfield>
  <controlfield tag="008">111227s2012    xxk|||||      00| ||eng c</controlfield>
  <datafield tag="010" ind1=" " ind2=" ">
   <subfield code="a">  2011048655</subfield>
  </datafield>
  <datafield tag="020" ind1=" " ind2=" ">
   <subfield code="a">9781107002814</subfield>
   <subfield code="c">hbk.</subfield>
   <subfield code="9">978-1-107-00281-4</subfield>
  </datafield>
  <datafield tag="024" ind1="3" ind2=" ">
   <subfield code="a">9781107002814</subfield>
  </datafield>
  <datafield tag="035" ind1=" " ind2=" ">
   <subfield code="a">(DE-627)681199393</subfield>
  </datafield>
  <datafield tag="035" ind1=" " ind2=" ">
   <subfield code="a">(DE-576)339676752</subfield>
  </datafield>
  <datafield tag="035" ind1=" " ind2=" ">
   <subfield code="a">(DE-599)GBV681199393</subfield>
  </datafield>
  <datafield tag="035" ind1=" " ind2=" ">
   <subfield code="a">(OCoLC)785831778</subfield>
  </datafield>
  <datafield tag="035" ind1=" " ind2=" ">
   <subfield code="a">(OCoLC)723242449</subfield>
  </datafield>
  <datafield tag="040" ind1=" " ind2=" ">
   <subfield code="a">DE-627</subfield>
   <subfield code="b">ger</subfield>
   <subfield code="c">DE-627</subfield>
   <subfield code="e">rakwb</subfield>
  </datafield>
  <datafield tag="041" ind1=" " ind2=" ">
   <subfield code="a">eng</subfield>
  </datafield>
  <datafield tag="044" ind1=" " ind2=" ">
   <subfield code="c">XA-GB</subfield>
   <subfield code="c">XD-US</subfield>
   <subfield code="c">XE-AU</subfield>
   <subfield code="c">XA-ES</subfield>
  </datafield>
  <datafield tag="050" ind1=" " ind2="0">
   <subfield code="a">BX3036.F86</subfield>
  </datafield>
  <datafield tag="082" ind1="0" ind2=" ">
   <subfield code="a">271/.1043412</subfield>
   <subfield code="q">LOC</subfield>
   <subfield code="2">23</subfield>
  </datafield>
  <datafield tag="082" ind1="0" ind2=" ">
   <subfield code="a">200.9</subfield>
   <subfield code="q">OCLC</subfield>
   <subfield code="2">22/ger</subfield>
  </datafield>
  <datafield tag="082" ind1="0" ind2="4">
   <subfield code="a">HIS010000</subfield>
   <subfield code="q">bisacsh</subfield>
  </datafield>
  <datafield tag="084" ind1=" " ind2=" ">
   <subfield code="a">8,1</subfield>
   <subfield code="a">1</subfield>
   <subfield code="2">ssgn</subfield>
  </datafield>
  <datafield tag="084" ind1=" " ind2=" ">
   <subfield code="a">NZ 95718</subfield>
   <subfield code="q">BVB</subfield>
   <subfield code="2">rvk</subfield>
  </datafield>
  <datafield tag="084" ind1=" " ind2=" ">
   <subfield code="a">NR 3965</subfield>
   <subfield code="q">BVB</subfield>
   <subfield code="2">rvk</subfield>
   <subfield code="0">(DE-625)rvk/129315:</subfield>
  </datafield>
  <datafield tag="084" ind1=" " ind2=" ">
   <subfield code="a">NR 4080</subfield>
   <subfield code="2">rvk</subfield>
   <subfield code="0">(DE-625)rvk/129328:</subfield>
  </datafield>
  <datafield tag="084" ind1=" " ind2=" ">
   <subfield code="a">NV 5290</subfield>
   <subfield code="2">rvk</subfield>
   <subfield code="0">(DE-625)rvk/131873:</subfield>
  </datafield>
  <datafield tag="084" ind1=" " ind2=" ">
   <subfield code="a">15.41</subfield>
   <subfield code="2">bkl</subfield>
  </datafield>
  <datafield tag="084" ind1=" " ind2=" ">
   <subfield code="a">11.52</subfield>
   <subfield code="2">bkl</subfield>
  </datafield>
  <datafield tag="084" ind1=" " ind2=" ">
   <subfield code="a">15.52</subfield>
   <subfield code="2">bkl</subfield>
  </datafield>
  <datafield tag="100" ind1="1" ind2=" ">
   <subfield code="8">1\p</subfield>
   <subfield code="a">Raaijmakers, Janneke</subfield>
   <subfield code="d">1973-2021</subfield>
   <subfield code="0">(DE-588)1289294461</subfield>
   <subfield code="0">(DE-627)1845314980</subfield>
   <subfield code="4">aut</subfield>
  </datafield>
  <datafield tag="245" ind1="1" ind2="4">
   <subfield code="a">The making of the monastic community of Fulda, c.744 - c.900</subfield>
   <subfield code="c">Janneke Raaijmakers</subfield>
  </datafield>
  <datafield tag="264" ind1=" " ind2="1">
   <subfield code="a">Cambridge [u.a.]</subfield>
   <subfield code="b">Cambridge Univ. Press</subfield>
   <subfield code="c">c 2012</subfield>
  </datafield>
  <datafield tag="300" ind1=" " ind2=" ">
   <subfield code="a">XIX, 357 S.</subfield>
   <subfield code="b">Ill., Kt.</subfield>
  </datafield>
  <datafield tag="336" ind1=" " ind2=" ">
   <subfield code="a">Text</subfield>
   <subfield code="b">txt</subfield>
   <subfield code="2">rdacontent</subfield>
  </datafield>
  <datafield tag="337" ind1=" " ind2=" ">
   <subfield code="a">ohne Hilfsmittel zu benutzen</subfield>
   <subfield code="b">n</subfield>
   <subfield code="2">rdamedia</subfield>
  </datafield>
  <datafield tag="338" ind1=" " ind2=" ">
   <subfield code="a">Band</subfield>
   <subfield code="b">nc</subfield>
   <subfield code="2">rdacarrier</subfield>
  </datafield>
  <datafield tag="490" ind1="1" ind2=" ">
   <subfield code="a">Cambridge studies in medieval life and thought</subfield>
   <subfield code="v">Ser. 4, [83]</subfield>
  </datafield>
  <datafield tag="500" ind1=" " ind2=" ">
   <subfield code="a">Literaturverz. S. 306 - 346</subfield>
  </datafield>
  <datafield tag="505" ind1="8" ind2="0">
   <subfield code="a">Machine generated contents note: Introduction; 1. The early years: Boniface; 2. After Boniface's death: from familia to institution; 3. Baugulf: the cultivation of learning, land and the church; 4. Ratger: church and conflict; 5. Eigil: new unity; 6. Hrabanus I: reform and record; 7. Hrabanus II: sins, saints and the stability of the realm; 8. Royal power and monastic prayer; Conclusion; Bibliography; Index.</subfield>
  </datafield>
  <datafield tag="520" ind1=" " ind2=" ">
   <subfield code="a">&quot;The monastic community of Fulda was one of the most powerful institutions in early medieval Europe. This book traces the development of the community from its foundation in the 740s over one and a half centuries, a period richly documented by a variety of texts and archaeological remains. These sources reveal how Fulda's success forced the monks to rethink their goals and the ways in which they sought to achieve them. Its close connection to the Carolingian royal court also makes Fulda a fascinating case study of how local events influenced life in the palace and vice versa. The importance of Fulda and the rich array of sources associated with it have long been recognised, but this is the first full study, bringing together theology, architectural history and archaeology. The result is a vivid picture of life in this monastery and also in early medieval religious communities in general&quot;--</subfield>
  </datafield>
  <datafield tag="610" ind1="1" ind2="0">
   <subfield code="a">Benedictines</subfield>
   <subfield code="z">Germany</subfield>
   <subfield code="z">Fulda Region</subfield>
   <subfield code="x">History</subfield>
  </datafield>
  <datafield tag="610" ind1="1" ind2="0">
   <subfield code="a">Abtei Fulda</subfield>
   <subfield code="x">History</subfield>
  </datafield>
  <datafield tag="650" ind1=" " ind2="0">
   <subfield code="a">Monasticism and religious orders</subfield>
   <subfield code="z">Germany</subfield>
   <subfield code="z">Fulda Region</subfield>
   <subfield code="x">History</subfield>
  </datafield>
  <datafield tag="650" ind1=" " ind2="4">
   <subfield code="a">Geschichte 744-900</subfield>
   <subfield code="7">(dpeaa)DE-2491</subfield>
  </datafield>
  <datafield tag="650" ind1=" " ind2="4">
   <subfield code="a">Fulda</subfield>
   <subfield code="7">(dpeaa)DE-2491</subfield>
  </datafield>
  <datafield tag="650" ind1=" " ind2="4">
   <subfield code="a">Kloster</subfield>
   <subfield code="7">(dpeaa)DE-2491</subfield>
  </datafield>
  <datafield tag="650" ind1=" " ind2="4">
   <subfield code="a">Mönchtum</subfield>
   <subfield code="7">(dpeaa)DE-2491</subfield>
  </datafield>
  <datafield tag="651" ind1=" " ind2="0">
   <subfield code="a">Fulda Region (Germany)</subfield>
   <subfield code="x">Church history</subfield>
  </datafield>
  <datafield tag="689" ind1="0" ind2="0">
   <subfield code="d">b</subfield>
   <subfield code="0">(DE-588)4074038-9</subfield>
   <subfield code="0">(DE-627)104623667</subfield>
   <subfield code="0">(DE-576)209192259</subfield>
   <subfield code="a">Kloster Sankt Salvator und Bonifatius Fulda</subfield>
   <subfield code="2">gnd</subfield>
  </datafield>
  <datafield tag="689" ind1="0" ind2="1">
   <subfield code="a">z</subfield>
   <subfield code="2">gnd</subfield>
   <subfield code="a">Geschichte Anfänge-900</subfield>
  </datafield>
  <datafield tag="689" ind1="0" ind2=" ">
   <subfield code="5">(DE-627)</subfield>
  </datafield>
  <datafield tag="776" ind1="0" ind2="8">
   <subfield code="i">Erscheint auch als</subfield>
   <subfield code="n">Online-Ausgabe</subfield>
   <subfield code="a">Raaijmakers, Janneke</subfield>
   <subfield code="t">The making of the monastic community of Fulda, c.744 - c.900</subfield>
   <subfield code="d">Cambridge : Cambridge University Press, 2012</subfield>
   <subfield code="h">1 Online-Ressource (xix, 357 pages)</subfield>
   <subfield code="w">(DE-627)88336154X</subfield>
   <subfield code="w">(DE-576)48265449X</subfield>
   <subfield code="z">9781139030366</subfield>
  </datafield>
  <datafield tag="787" ind1="0" ind2="8">
   <subfield code="i">Rezensiert in</subfield>
   <subfield code="a">Czock, Miriam, 1976 - 2020</subfield>
   <subfield code="t">[Rezension von: Janneke Raaijmakers, The making of the monastic community of Fulda, c. 744 - c. 900]</subfield>
   <subfield code="d">2013</subfield>
   <subfield code="w">(DE-627)1801638055</subfield>
  </datafield>
  <datafield tag="787" ind1="0" ind2="8">
   <subfield code="i">Rezensiert in</subfield>
   <subfield code="a">Ganz, David</subfield>
   <subfield code="t">The making of the monastic community of Fulda, c. 744–c. 900. By Janneke Raaijmakers. (Cambridge Studies in Medieval Life and Thought. 4th Ser., 83.) Pp. xix+357 incl. 8 ills. New York–Cambridge: Cambridge University Press, 2012. £65. 978 1 107 00281 4</subfield>
   <subfield code="d">2014</subfield>
   <subfield code="w">(DE-627)1784655155</subfield>
  </datafield>
  <datafield tag="830" ind1=" " ind2="0">
   <subfield code="a">Cambridge studies in medieval life and thought</subfield>
   <subfield code="v">Ser. 4, [83]</subfield>
   <subfield code="9">S4,83</subfield>
   <subfield code="w">(DE-627)16714362X</subfield>
   <subfield code="w">(DE-576)001412639</subfield>
   <subfield code="w">(DE-600)417520-7</subfield>
   <subfield code="x">0950-6314</subfield>
   <subfield code="7">ns</subfield>
  </datafield>
  <datafield tag="856" ind1="4" ind2="2">
   <subfield code="u">http://assets.cambridge.org/97811070/02814/cover/9781107002814.jpg</subfield>
   <subfield code="x">Verlag</subfield>
   <subfield code="3">Cover</subfield>
  </datafield>
  <datafield tag="856" ind1="4" ind2="2">
   <subfield code="u">http://www.sehepunkte.de/2013/03/22071.html</subfield>
   <subfield code="m">V:DE-576;X:Sehepunkte</subfield>
   <subfield code="q">text/html</subfield>
   <subfield code="v">20180417093400</subfield>
   <subfield code="3">Rezension</subfield>
  </datafield>
  <datafield tag="856" ind1="4" ind2="2">
   <subfield code="u">https://www.hsozkult.de/publicationreview/id/rezbuecher-18766</subfield>
   <subfield code="m">V:DE-576;X:HSozKult</subfield>
   <subfield code="q">text/html</subfield>
   <subfield code="v">20180419154454</subfield>
   <subfield code="3">Rezension</subfield>
  </datafield>
  <datafield tag="883" ind1=" " ind2=" ">
   <subfield code="8">1</subfield>
   <subfield code="a">cgwrk</subfield>
   <subfield code="d">20241001</subfield>
   <subfield code="q">DE-101</subfield>
   <subfield code="u">https://d-nb.info/provenance/plan#cgwrk</subfield>
  </datafield>
  <datafield tag="935" ind1=" " ind2=" ">
   <subfield code="i">Blocktest</subfield>
  </datafield>
  <datafield tag="936" ind1="r" ind2="v">
   <subfield code="a">NZ 95718</subfield>
  </datafield>
  <datafield tag="936" ind1="r" ind2="v">
   <subfield code="a">NR 3965</subfield>
   <subfield code="b">Kloster- und Stiftsgeschichte</subfield>
   <subfield code="k">Geschichte</subfield>
   <subfield code="k">Landes- und Stadtgeschichte (Allgemeine, Deutsche und Österreichische Landes- und Stadtgeschichte, Ausländische Stadtgeschichte, Geschichte der Auslanddeutschen)</subfield>
   <subfield code="k">Deutsche Landesgeschichte im Einzelnen (einschl. ehemaliger deutscher Gebiete)</subfield>
   <subfield code="k">Hessen (Hessen-Darmstadt, Nassau, Hessen-Kassel)</subfield>
   <subfield code="k">Kloster- und Stiftsgeschichte</subfield>
   <subfield code="0">(DE-627)127087649X</subfield>
   <subfield code="0">(DE-625)rvk/129315:</subfield>
   <subfield code="0">(DE-576)20087649X</subfield>
  </datafield>
  <datafield tag="936" ind1="r" ind2="v">
   <subfield code="a">NR 4080</subfield>
   <subfield code="b">Fulda</subfield>
   <subfield code="k">Geschichte</subfield>
   <subfield code="k">Landes- und Stadtgeschichte (Allgemeine, Deutsche und Österreichische Landes- und Stadtgeschichte, Ausländische Stadtgeschichte, Geschichte der Auslanddeutschen)</subfield>
   <subfield code="k">Deutsche Landesgeschichte im Einzelnen (einschl. ehemaliger deutscher Gebiete)</subfield>
   <subfield code="k">Hessen (Hessen-Darmstadt, Nassau, Hessen-Kassel)</subfield>
   <subfield code="k">Stadtgeschichte</subfield>
   <subfield code="k">Einzelne Städte</subfield>
   <subfield code="k">Fulda</subfield>
   <subfield code="0">(DE-627)1271653575</subfield>
   <subfield code="0">(DE-625)rvk/129328:</subfield>
   <subfield code="0">(DE-576)201653575</subfield>
  </datafield>
  <datafield tag="936" ind1="r" ind2="v">
   <subfield code="a">NV 5290</subfield>
   <subfield code="b">Geschichte einzelner Abteien und Klöster</subfield>
   <subfield code="k">Geschichte</subfield>
   <subfield code="k">Religions- und Kirchengeschichte</subfield>
   <subfield code="k">Geschichte der katholischen Kirche</subfield>
   <subfield code="k">Geschichte des Mönchtums und des Klosterwesens</subfield>
   <subfield code="k">Geschichte einzelner Abteien und Klöster</subfield>
   <subfield code="0">(DE-627)1270709232</subfield>
   <subfield code="0">(DE-625)rvk/131873:</subfield>
   <subfield code="0">(DE-576)200709232</subfield>
  </datafield>
  <datafield tag="936" ind1="b" ind2="k">
   <subfield code="a">15.41</subfield>
   <subfield code="j">Deutsche Geschichte bis 1499</subfield>
   <subfield code="x">Deutsche Geschichte</subfield>
   <subfield code="0">(DE-627)18156971X</subfield>
  </datafield>
  <datafield tag="936" ind1="b" ind2="k">
   <subfield code="a">11.52</subfield>
   <subfield code="j">Mittelalterliches Christentum</subfield>
   <subfield code="0">(DE-627)10641965X</subfield>
  </datafield>
  <datafield tag="936" ind1="b" ind2="k">
   <subfield code="a">15.52</subfield>
   <subfield code="j">Hessen</subfield>
   <subfield code="x">Geschichte</subfield>
   <subfield code="0">(DE-627)181571587</subfield>
  </datafield>
  <datafield tag="951" ind1=" " ind2=" ">
   <subfield code="a">BO</subfield>
  </datafield>
  <datafield tag="990" ind1=" " ind2=" ">
   <subfield code="a">Kloster Sankt Salvator und Bonifatius Fulda</subfield>
  </datafield>
  <datafield tag="990" ind1=" " ind2=" ">
   <subfield code="a">Geschichte Anfänge-900</subfield>
  </datafield>
  <datafield tag="991" ind1=" " ind2=" ">
   <subfield code="a">Rezensiertes Werk</subfield>
  </datafield>
  <datafield tag="999" ind1=" " ind2=" ">
   <subfield code="a">KXP-PPN681199393</subfield>
   <subfield code="e">4173834373</subfield>
  </datafield>
 </record>
</collection>
